Limbic mechanisms : the continuing evolution of the limbic system concept : [proceedings of the Limbic System Symposium held at the University of Toronto, Ontario, Canada, November 5-6, 1976, as a satellite to the sixth annual meeting of the Society of Neuroscience] /

Bibliographic Details
Corporate Authors: Limbic System Symposium University of Toronto, Society for Neuroscience
Other Authors: Livingston, Kenneth E., Hornykiewicz, Oleh
Format: Conference Proceeding Book
Language:English
Published: New York : Plenum Press, [1978]
Subjects:

MARC

Tag First Indicator Second Indicator Subfields
LEADER 00000pam a2200000 i 4500
001 in00000665339
005 20151015080251.0
008 780201s1978 nyua b 10110 eng
010 |a  78001542  
035 |a (OCoLC)03649887 
035 |9 ACX6141AM 
040 |a DLC  |c DLC  |d TXA  |d UtOrBLW 
049 |a TXAM  |c [976061] 
050 0 0 |a QP383.2  |b .L53 1976 
060 0 |a WL314 L733L 1976 
082 0 |a 599/.01/88 
111 2 |a Limbic System Symposium  |d (1976 :  |c University of Toronto) 
245 1 0 |a Limbic mechanisms :  |b the continuing evolution of the limbic system concept : [proceedings of the Limbic System Symposium held at the University of Toronto, Ontario, Canada, November 5-6, 1976, as a satellite to the sixth annual meeting of the Society of Neuroscience] /  |c edited by Kenneth E. Livingston and Oleh Hornykiewicz. 
264 1 |a New York :  |b Plenum Press,  |c [1978] 
264 4 |c ©1978 
300 |a xv, 542 pages :  |b illustrations ;  |c 26 cm. 
336 |a text  |b txt  |2 rdacontent 
337 |a unmediated  |b n  |2 rdamedia 
338 |a volume  |b nc  |2 rdacarrier 
504 |a Includes bibliographies and index. 
650 0 |a Limbic system  |x Congresses. 
650 2 |a Limbic System  |x physiology  |x congresses. 
650 2 |a Limbic System  |x physiopathology  |x congresses. 
700 1 |a Livingston, Kenneth E. 
700 1 |a Hornykiewicz, Oleh. 
710 2 |a Society for Neuroscience. 
999 |a MARS 
999 f f |s 76bf3dd4-9ec7-3205-af59-57d66bf2b451  |i 716d90be-8679-35f2-aed5-df736a860457  |t 0 
952 f f |p ric  |a Texas A&M University  |b Rellis Campus  |c Joint Library Facility  |d Remote Storage  |t 0  |e QP383.2 .L53 1976  |h Library of Congress classification  |i unmediated -- volume  |m A14807384038 
998 f f |a QP383.2 .L53 1976  |t 0  |l Remote Storage